000 00255nam a22001217a 4500
008 170131b xxu||||| |||| 00| 0 eng d
041 _aeng
080 _a61
100 _a3
101 _aSHMI
245 _aHOW DOCTORS THINK
_cGROOPMAN, J
942 _2udc
_cBK
999 _c4071
_d4071